Представление документа в формате RUSMARC

ПолеНазваниеЗначение
  Тип записи a
  Библиографический уровень m
001 Контрольный номер RU/CBS_UL/BASE/977ce5a08b8a4774b9d9b6eadefaac18
005 Дата корректировки 20260304154043.5
101 Язык документа __
a Язык текста rus
102 Страна публикации __
a Страна публикации RU
200 Заглавие и сведения об ответственности 0_
a Заглавие № 2
210 Выходные данные __
d Дата издания 2026
461 Уровень набора __
1 2001
a Саша и Даша
v № 2
1 210
d 2026
801 Источник записи __
a Страна RU
b Организация МБУК ЦБС г. Ульяновска
g Правила каталогизации RCR
901 Тип документа __
w Контрольный № источника RU/CBS_UL/BASE/93b029d6ff1e47d2aa30584ac5c8bd12
t Тип документа s
909 Создатель записи __
a Создатель записи mbo